[Event "Titled Tuesday intern op 27th Feb Late"]
[Site "Chess.com INT"]
[Date "2024.02.27"]
[Round "3"]
[White "Hemam, Moulaye Brahim"]
[Black "Mardov, Dimitar"]
[Result "0-1"]
[WhiteElo "1962"]
[BlackElo "2457"]
[PlyCount "156"]
[EventDate "2024.02.27"]
[EventType "swiss (blitz)"]
[EventRounds "11"]
[EventCountry "USA"]
[SourceTitle "CB10_2024"]
[SourceDate "2024.03.06"]
[SourceVersion "1"]
[SourceVersionDate "2024.03.06"]
[SourceQuality "1"]

1. e4 b6 2. Nc3 Bb7 3. Nf3 g6 4. g3 Bg7 5. Bg2 h5 6. d3 e6 7. h4 Ne7 8. Ng5 d5 9. exd5 Nxd5 10. Nxd5 Bxd5 11. Bxd5 Qxd5 12. Qf3 Nc6 13. Qxf7+ Kd8 14. Nxe6+ Qxe6+ 15. Qxe6 Re8 16. Qxe8+ Kxe8 17. 0-0 Nd4 18. c3 Nf3+ 19. Kg2 Ne5 20. Re1 Kd7 21. d4 Nc4 22. b3 Nd6 23. Ba3 Nf5 24. Rad1 a5 25. Kh3 a4 26. b4 b5 27. f3 Nd6 28. Bc1 Rf8 29. Bg5 Rf7 30. Kg2 Nc4 31. Re2 Nb6 32. Rde1 Nd5 33. Bd2 Bf6 34. Re8 Nb6 35. Rg8 Bg7 36. Bg5 Bf8 37. Rxg6 Nd5 38. Bd2 Nb6 39. Re5 Nc4 40. Rd5+ Kc8 41. Bc1 Re7 42. Kf2 Rf7 43. Rxb5 a3 44. Rxh5 Bd6 45. Rh8+ Kb7 46. h5 Nb2 47. Bf4 Bxf4 48. gxf4 Nd1+ 49. Kg3 Nxc3 50. h6 Ne2+ 51. Kf2 Nxf4 52. Rg7 Rf6 53. Rhh7 Nd5 54. Rf7 Rc6 55. Rd7 Nf6 56. b5 Rc2+ 57. Ke3 Nxh7 58. Rxh7 Rxa2 59. Rg7 Rh2 60. Rg1 Kb6 61. Ra1 Kxb5 62. h7 Kb4 63. Ke4 Rxh7 64. Kd5 Kb3 65. Kc6 Kb2 66. Rxa3 Kxa3 67. f4 Kb4 68. d5 Rf7 69. d6 cxd6 70. Kxd6 Rxf4 71. Ke5 Rc4 72. Kd5 Rc5+ 73. Kd6 Kc4 74. Ke6 Rd5 75. Kf6 Kc5 76. Ke6 Kc6 77. Ke7 Rd6 78. Ke8 Rd7 0-1

[Event "Riadh Rapid op"]
[Site "Riadh"]
[Date "2023.03.17"]
[Round "2"]
[White "Adly, Ahmed"]
[Black "Hemam, Moulaye Brahim"]
[Result "1-0"]
[WhiteElo "2596"]
[BlackElo "2056"]
[PlyCount "71"]
[EventDate "2023.03.17"]
[EventType "swiss (rapid)"]
[EventRounds "9"]
[EventCountry "SAU"]
[SourceTitle "CBM 213 Extra"]
[Source "ChessBase"]
[SourceDate "2023.05.31"]
[SourceVersion "1"]
[SourceVersionDate "2023.05.31"]
[SourceQuality "1"]

1. d4 d5 2. Nf3 Nf6 3. g3 g6 4. c4 c6 5. Bg2 Bg7 6. 0-0 0-0 7. a4 a5 8. cxd5 Nxd5 9. e4 Nb4 10. h3 Be6 11. Re1 f6 12. Nc3 Bf7 13. e5 Qd7 14. Qe2 Bb3 15. Ra3 Bc2 16. Ne4 N8a6 17. Bf4 Qe6 18. h4 Rad8 19. Rc1 Bxe4 20. Qxe4 Nd5 21. Bd2 Nab4 22. Re1 f5 23. Qb1 h6 24. Bh3 Rf7 25. h5 gxh5 26. Nh4 Rdf8 27. Rf3 Nb6 28. Bxf5 Rxf5 29. Rxf5 Rd8 30. Rxh5 Qg4 31. Qf5 Qxf5 32. Nxf5 Bf8 33. e6 Rd5 34. Re4 Kh7 35. Rg4 Nd3 36. Bxh6 1-0

[Event "Titled Tuesday intern op 01st Nov Late"]
[Site "Chess.com INT"]
[Date "2022.11.01"]
[Round "6"]
[White "Hemam, Moulaye Brahim"]
[Black "Przybylski, Wojciech"]
[Result "0-1"]
[WhiteElo "2043"]
[BlackElo "2321"]
[PlyCount "120"]
[EventDate "2022.11.01"]
[EventType "swiss (blitz)"]
[EventRounds "11"]
[EventCountry "USA"]
[SourceTitle "EXT 2024"]
[Source "ChessBase"]
[SourceDate "2023.10.10"]
[SourceVersion "1"]
[SourceVersionDate "2023.10.10"]
[SourceQuality "1"]

1. e4 c5 2. Nf3 e6 3. c4 d5 4. exd5 exd5 5. d4 Nf6 6. Be2 Nc6 7. 0-0 Be6 8. cxd5 Bxd5 9. Nc3 cxd4 10. Nxd4 Nxd4 11. Qxd4 Bc6 12. Qe5+ Be7 13. Bb5 Bxb5 14. Qxb5+ Qd7 15. Re1 Qxb5 16. Nxb5 Kf8 17. Bf4 h5 18. Rac1 Nd5 19. Bd6 a6 20. Bxe7+ Nxe7 21. Nd6 Rh6 22. Nxb7 Rb6 23. Rc7 Nd5 24. Rd7 Nf6 25. Rc7 Nd5 26. Rd7 Nf6 27. Rc7 Re8 28. Rec1 Nd5 29. Rd7 Nf6 30. Rdc7 Nd5 31. R7c5 Nf4 32. Nd6 Rxd6 33. Rf1 Ne2+ 34. Kh1 Rd2 35. g3 h4 36. gxh4 Nf4 37. Rf5 Nd3 38. Rf3 Ree2 39. Kg2 g6 40. h3 Kg7 41. Kg3 a5 42. b3 Nb4 43. a3 Nc2 44. b4 axb4 45. axb4 Nxb4 46. Rb1 Nc6 47. Rb6 Ne5 48. Rf4 Rd3+ 49. Kg2 Kh6 50. Rb7 f5 51. Rb6 Rdd2 52. Rxf5 Nd3 53. Rff6 Rxf2+ 54. Rxf2 Rxf2+ 55. Kg3 Rf5 56. Rd6 Nc5 57. Rc6 Ne4+ 58. Kg4 Nf6+ 59. Kg3 Nh5+ 60. Kg4 Rf4# 0-1

[Event "Titled Tuesday intern op 01st Nov Late"]
[Site "Chess.com INT"]
[Date "2022.11.01"]
[Round "11"]
[White "Kanyamarala, Trisha"]
[Black "Hemam, Moulaye Brahim"]
[Result "0-1"]
[WhiteElo "2163"]
[BlackElo "2043"]
[PlyCount "106"]
[EventDate "2022.11.01"]
[EventType "swiss (blitz)"]
[EventRounds "11"]
[EventCountry "USA"]
[SourceTitle "EXT 2024"]
[Source "ChessBase"]
[SourceDate "2023.10.10"]
[SourceVersion "1"]
[SourceVersionDate "2023.10.10"]
[SourceQuality "1"]

1. d4 Nf6 2. c4 e6 3. Nc3 d5 4. cxd5 exd5 5. Bg5 Be7 6. e3 0-0 7. Qc2 c6 8. Bd3 Nbd7 9. Nge2 Re8 10. 0-0 h6 11. Bh4 Nh5 12. Bxe7 Qxe7 13. Rae1 Nf8 14. e4 dxe4 15. Bxe4 Nf6 16. Bd3 Qd8 17. Bc4 Ne6 18. Rd1 Nc7 19. Nf4 Ncd5 20. Ncxd5 Nxd5 21. Bxd5 cxd5 22. Qb3 Be6 23. Rd2 b6 24. h3 Qg5 25. Qf3 Rac8 26. Re2 Qf6 27. Re5 Rc4 28. Qe3 Rc6 29. Nxd5 Bxd5 30. Rxe8+ Kh7 31. b3 Qg6 32. g3 Rf6 33. Rd8 Rf3 34. Qe5 Be6 35. Kh2 Rf5 36. Qe4 Rxf2+ 37. Rxf2 Qxe4 38. Kg1 Bd5 39. Kf1 Qxd4 40. Ke1 Qe3+ 41. Re2 Qxg3+ 42. Kd1 Bf3 43. Kd2 Bxe2 44. Kxe2 Qe5+ 45. Kd3 Qf5+ 46. Kc4 Qe6+ 47. Kb5 Qe5+ 48. Ka6 Qa5+ 49. Kb7 Qxa2 50. Ra8 Qxb3 51. Rxa7 Qxh3 52. Kxb6 Qe3+ 53. Kb7 Qxa7+ 0-1

[Event "Titled Tuesday intern op 18th Oct Late"]
[Site "Chess.com INT"]
[Date "2022.10.18"]
[Round "10"]
[White "Itkis, Boris"]
[Black "Hemam, Moulaye Brahim"]
[Result "1-0"]
[WhiteElo "2332"]
[BlackElo "2043"]
[PlyCount "77"]
[EventDate "2022.10.18"]
[EventType "swiss (blitz)"]
[EventRounds "11"]
[EventCountry "USA"]
[SourceTitle "EXT 2024"]
[Source "ChessBase"]
[SourceDate "2023.10.10"]
[SourceVersion "1"]
[SourceVersionDate "2023.10.10"]
[SourceQuality "1"]

1. c4 Nf6 2. Nf3 e6 3. b3 d5 4. Bb2 Be7 5. e3 0-0 6. g3 b6 7. Bg2 Bb7 8. 0-0 Nbd7 9. d3 c5 10. Nbd2 Rc8 11. Re1 h6 12. e4 dxe4 13. Nxe4 Nxe4 14. dxe4 Bf6 15. e5 Be7 16. Nd2 Bxg2 17. Kxg2 Qc7 18. f4 f6 19. exf6 Bxf6 20. Bxf6 Nxf6 21. Rxe6 Qd7 22. Qe2 Rce8 23. Re1 Rxe6 24. Qxe6+ Qxe6 25. Rxe6 Rd8 26. Nf3 Kf7 27. Rc6 Ng4 28. h3 Ne3+ 29. Kf2 Nd1+ 30. Ke1 Nc3 31. Ne5+ Kg8 32. h4 Rd1+ 33. Kf2 Rd2+ 34. Kf3 Rxa2 35. h5 Rh2 36. Rc8+ Kh7 37. Kg4 g6 38. Rc7+ Kg8 39. hxg6 1-0

[Event "Titled Tuesday intern op 18th Oct Late"]
[Site "Chess.com INT"]
[Date "2022.10.18"]
[Round "8"]
[White "Jimenez Jimenez, Leandro"]
[Black "Hemam, Moulaye Brahim"]
[Result "0-1"]
[WhiteElo "2157"]
[BlackElo "2043"]
[PlyCount "132"]
[EventDate "2022.10.18"]
[EventType "swiss (blitz)"]
[EventRounds "11"]
[EventCountry "USA"]
[SourceTitle "EXT 2024"]
[Source "ChessBase"]
[SourceDate "2023.10.10"]
[SourceVersion "1"]
[SourceVersionDate "2023.10.10"]
[SourceQuality "1"]

1. d4 Nf6 2. c4 g6 3. Nc3 d5 4. Nf3 Bg7 5. Qb3 dxc4 6. Qxc4 0-0 7. e4 a6 8. e5 b5 9. Qb3 Be6 10. Qc2 Nd5 11. Be2 c5 12. Nxd5 Qxd5 13. Qxc5 Qxc5 14. dxc5 Nd7 15. Be3 Nxe5 16. 0-0 Nc4 17. Bd4 Nxb2 18. Rac1 Nc4 19. a4 Bd5 20. Rfd1 Rfd8 21. axb5 axb5 22. Be5 Nxe5 23. Nxe5 Bxe5 24. Bxb5 e6 25. g3 Bf3 26. Re1 Bd4 27. c6 Rac8 28. Rc4 Bg7 29. Ba4 Rc7 30. Re3 Bd5 31. Rc2 Ra8 32. Bb5 Ra1+ 33. Bf1 Rxc6 34. Rxc6 Bxc6 35. Rb3 Bf6 36. f3 Bd5 37. Rb8+ Kg7 38. Kg2 Bxf3+ 39. Kxf3 Rxf1+ 40. Kg2 Rd1 41. h4 h5 42. Kf3 Rd3+ 43. Kf2 Rxg3 44. Rb4 Rg4 45. Rb5 Bxh4+ 46. Kf3 Bf6 47. Ra5 Rg5 48. Ra4 h4 49. Kf4 h3 50. Ra3 h2 51. Rh3 Rh5 52. Rxh2 Rxh2 53. Kg4 Rh5 54. Kg3 Rh4 55. Kf3 g5 56. Kg3 Kg6 57. Kf3 Kf5 58. Kg3 g4 59. Kg2 Kf4 60. Kf2 Rh2+ 61. Kg1 Rc2 62. Kf1 Ke3 63. Kg1 Be5 64. Kf1 Bf4 65. Kg1 Kf3 66. Kf1 Rc1# 0-1

[Event "Titled Tuesday intern op 11th Oct Late"]
[Site "Chess.com INT"]
[Date "2022.10.11"]
[Round "6"]
[White "Hemam, Moulaye Brahim"]
[Black "Petrova, Irina"]
[Result "0-1"]
[WhiteElo "2043"]
[BlackElo "2123"]
[PlyCount "120"]
[EventDate "2022.10.11"]
[EventType "swiss (blitz)"]
[EventRounds "11"]
[EventCountry "USA"]
[SourceTitle "EXT 2024"]
[Source "ChessBase"]
[SourceDate "2023.10.10"]
[SourceVersion "1"]
[SourceVersionDate "2023.10.10"]
[SourceQuality "1"]

1. e4 c5 2. Nf3 Nc6 3. d4 cxd4 4. Nxd4 Nf6 5. Nc3 e5 6. Ndb5 d6 7. Bg5 a6 8. Na3 b5 9. Bxf6 gxf6 10. Nd5 Bg7 11. c3 f5 12. exf5 Bxf5 13. Bd3 Bxd3 14. Qxd3 0-0 15. Nc2 f5 16. Nce3 e4 17. Qd2 f4 18. Nc2 Qg5 19. g3 e3 20. fxe3 fxg3 21. 0-0-0 Rae8 22. hxg3 b4 23. cxb4 Ne5 24. e4 Qxd2+ 25. Rxd2 Nc4 26. Rdh2 h6 27. Nc3 Rf3 28. b5 axb5 29. Nxb5 Ref8 30. b3 Rf1+ 31. Ne1 Ne3 32. Kd2 Ng4 33. Rxf1 Rxf1 34. Re2 h5 35. Nxd6 Bh6+ 36. Kc3 Rg1 37. Nf5 Bg7+ 38. Nxg7 Rxg3+ 39. Kb2 Kxg7 40. e5 Kf7 41. e6+ Ke7 42. Nc2 h4 43. a4 h3 44. a5 Rg2 45. Rxg2 hxg2 46. a6 g1Q 47. b4 Qb6 48. Kb3 Qxa6 49. Na3 Kxe6 50. b5 Qb7 51. Kb4 Ne5 52. Nc4 Nxc4 53. Kxc4 Qd5+ 54. Kb4 Qb7 55. Kc5 Ke5 56. b6 Ke6 57. Kb5 Kd6 58. Ka5 Kc6 59. Ka4 Qxb6 60. Ka3 Kc5 0-1

[Event "Titled Tuesday intern op 11th Oct Late"]
[Site "Chess.com INT"]
[Date "2022.10.11"]
[Round "1"]
[White "Hemam, Moulaye Brahim"]
[Black "Souleidis, Georgios"]
[Result "0-1"]
[WhiteElo "2043"]
[BlackElo "2410"]
[PlyCount "68"]
[EventDate "2022.10.11"]
[EventType "swiss (blitz)"]
[EventRounds "11"]
[EventCountry "USA"]
[SourceTitle "EXT 2024"]
[Source "ChessBase"]
[SourceDate "2023.10.10"]
[SourceVersion "1"]
[SourceVersionDate "2023.10.10"]
[SourceQuality "1"]

1. e4 c6 2. d4 d5 3. Nc3 dxe4 4. Nxe4 Nf6 5. Nxf6+ exf6 6. Be3 Bd6 7. Qd2 0-0 8. 0-0-0 Nd7 9. Ne2 Re8 10. Nc3 Nb6 11. Kb1 Be6 12. a3 Nd5 13. Nxd5 cxd5 14. Bf4 Bf8 15. Bd3 a6 16. h3 b5 17. g4 Qb6 18. c3 a5 19. g5 f5 20. Qc2 b4 21. axb4 axb4 22. Qb3 Qa5 23. c4 dxc4 24. Bxc4 Bxc4 25. Qxc4 Rec8 26. Qxc8 Rxc8 27. Rd3 Qa4 28. Rc1 Rxc1+ 29. Kxc1 b3 30. Kd2 Bb4+ 31. Ke2 Qa2 32. d5 Qxb2+ 33. Kf3 Qc2 34. Ke3 Bc5+ 0-1

[Event "Titled Tuesday intern op 04th Oct Early"]
[Site "Chess.com INT"]
[Date "2022.10.04"]
[Round "10"]
[White "De Souza, Cristiano Gomes"]
[Black "Hemam, Moulaye Brahim"]
[Result "1/2-1/2"]
[WhiteElo "2018"]
[BlackElo "2043"]
[PlyCount "97"]
[EventDate "2022.10.04"]
[EventType "swiss (blitz)"]
[EventRounds "11"]
[EventCountry "USA"]
[SourceTitle "EXT 2023"]
[Source "ChessBase"]
[SourceDate "2022.10.05"]
[SourceVersion "1"]
[SourceVersionDate "2022.10.05"]
[SourceQuality "1"]

1. d4 Nf6 2. c4 e6 3. Nf3 d5 4. Nc3 Be7 5. Bg5 Nbd7 6. e3 0-0 7. Rc1 c6 8. Be2 dxc4 9. Bxc4 h6 10. Bh4 c5 11. 0-0 b6 12. Qe2 Bb7 13. Ba6 Bxa6 14. Qxa6 Nd5 15. Bxe7 Nxe7 16. Rfd1 Qc8 17. Qxc8 Raxc8 18. Ne4 cxd4 19. Nxd4 Rxc1 20. Rxc1 Rc8 21. Rxc8+ Nxc8 22. Nc6 Kf8 23. Kf1 f5 24. Nc3 a6 25. a3 b5 26. Ke2 Kf7 27. Kd3 e5 28. Nb4 Nc5+ 29. Kc2 Ke6 30. Nd3 Nxd3 31. Kxd3 Nb6 32. b3 Nd5 33. Nxd5 Kxd5 34. f3 Kc5 35. Kc3 a5 36. g3 g5 37. h3 b4+ 38. axb4+ axb4+ 39. Kd3 Kd5 40. e4+ fxe4+ 41. fxe4+ Kc5 42. h4 g4 43. h5 Kb5 44. Ke3 Kc6 45. Kd2 Kd6 46. Ke2 Kc5 47. Kd3 Kb5 48. Ke3 Kc5 49. Kd3 1/2-1/2

[Event "Titled Tuesday intern op 04th Oct Early"]
[Site "Chess.com INT"]
[Date "2022.10.04"]
[Round "7"]
[White "Dilmukhametov, Artur"]
[Black "Hemam, Moulaye Brahim"]
[Result "0-1"]
[WhiteElo "2276"]
[BlackElo "2043"]
[PlyCount "60"]
[EventDate "2022.10.04"]
[EventType "swiss (blitz)"]
[EventRounds "11"]
[EventCountry "USA"]
[SourceTitle "EXT 2023"]
[Source "ChessBase"]
[SourceDate "2022.10.05"]
[SourceVersion "1"]
[SourceVersionDate "2022.10.05"]
[SourceQuality "1"]

1. e4 c5 2. c3 Nf6 3. e5 Nd5 4. d4 cxd4 5. cxd4 Nc6 6. Bc4 Nb6 7. Bb3 d5 8. Nf3 Bg4 9. Be3 e6 10. h3 Bh5 11. g4 Bg6 12. h4 h5 13. g5 Be7 14. Nc3 a6 15. Ba4 Nxa4 16. Nxa4 Qa5+ 17. Nc3 Nb4 18. 0-0 Nc2 19. Rc1 Nxe3 20. fxe3 0-0 21. Qe2 Rac8 22. a3 Rc6 23. e4 dxe4 24. Nxe4 Qd5 25. Rfe1 Rxc1 26. Rxc1 Qxe4 27. Qf2 Rd8 28. Rc7 Bf8 29. Nd2 Qg4+ 30. Kh1 Qxd4 0-1

[Event "Titled Tuesday intern op 04th Oct Early"]
[Site "Chess.com INT"]
[Date "2022.10.04"]
[Round "2"]
[White "Hemam, Moulaye Brahim"]
[Black "Thorhallsson, Simon"]
[Result "0-1"]
[WhiteElo "2043"]
[BlackElo "2171"]
[PlyCount "58"]
[EventDate "2022.10.04"]
[EventType "swiss (blitz)"]
[EventRounds "11"]
[EventCountry "USA"]
[SourceTitle "EXT 2023"]
[Source "ChessBase"]
[SourceDate "2022.10.05"]
[SourceVersion "1"]
[SourceVersionDate "2022.10.05"]
[SourceQuality "1"]

1. e4 e6 2. d4 d5 3. Nc3 Nf6 4. e5 Nfd7 5. f4 c5 6. Nf3 Nc6 7. Be3 Be7 8. Qd2 0-0 9. 0-0-0 c4 10. f5 b5 11. f6 gxf6 12. Bh6 b4 13. Nxd5 exd5 14. Bxf8 Nxf8 15. Qf4 fxe5 16. dxe5 Ng6 17. Qg3 Be6 18. Bxc4 a5 19. Kb1 a4 20. h4 Qa5 21. Bd3 b3 22. a3 bxc2+ 23. Bxc2 Rb8 24. h5 Qc3 25. Kc1 Rxb2 26. Rd2 Bxa3 27. Kd1 Nd4 28. hxg6 Rb1+ 29. Bxb1 Qc1# 0-1

[Event "Titled Tuesday intern op 04th Oct Late"]
[Site "Chess.com INT"]
[Date "2022.10.04"]
[Round "3"]
[White "Ladan, Nicholas John"]
[Black "Hemam, Moulaye Brahim"]
[Result "1-0"]
[WhiteElo "2149"]
[BlackElo "2043"]
[PlyCount "131"]
[EventDate "2022.10.04"]
[EventType "swiss (blitz)"]
[EventRounds "11"]
[EventCountry "USA"]
[SourceTitle "EXT 2023"]
[Source "ChessBase"]
[SourceDate "2022.10.05"]
[SourceVersion "1"]
[SourceVersionDate "2022.10.05"]
[SourceQuality "1"]

1. g3 Nf6 2. Bg2 g6 3. e4 d6 4. d4 Bg7 5. Ne2 0-0 6. Nd2 e5 7. c3 Nc6 8. d5 Ne7 9. 0-0 h6 10. a4 a5 11. Nc4 b6 12. Re1 Bd7 13. Ne3 Ng4 14. Nxg4 Bxg4 15. h3 Bd7 16. g4 f5 17. gxf5 gxf5 18. Ng3 f4 19. Nh5 Bh8 20. Kh1 Kh7 21. Rg1 Be8 22. Bf3 Bg6 23. Bd2 Qe8 24. Qe2 Qf7 25. Rg2 Rg8 26. Rag1 Bxh5 27. Bxh5 Qf6 28. Rxg8 Rxg8 29. Rxg8 Kxg8 30. Qg4+ Qg5 31. Be8 Qxg4 32. hxg4 Bf6 33. Kg2 Bg5 34. b4 Kf8 35. Bb5 axb4 36. f3 Nc8 37. cxb4 Na7 38. Bd7 Ke7 39. Bf5 c6 40. Be1 cxd5 41. exd5 Kd8 42. Bf2 Kc7 43. a5 bxa5 44. Bxa7 axb4 45. Bf2 Kb7 46. Bd3 Kc7 47. Kf1 Kb7 48. Ke2 Bd8 49. Kd1 Bb6 50. Bh4 Bd4 51. Kc2 Kb6 52. Kb3 Kc5 53. Bf6 Bc3 54. Be7 Kd4 55. Be4 Kc5 56. Bf8 Bd4 57. Bxh6 Bc3 58. Bf8 Be1 59. g5 Bh4 60. g6 Bf6 61. g7 Bxg7 62. Bxg7 Kd4 63. Kxb4 Ke3 64. Kb5 Kd4 65. Kc6 Kc4 66. Kxd6 1-0

[Event "Titled Tuesday intern op 04th Oct Late"]
[Site "Chess.com INT"]
[Date "2022.10.04"]
[Round "9"]
[White "Prieto Aranguren, Alain"]
[Black "Hemam, Moulaye Brahim"]
[Result "1-0"]
[WhiteElo "2275"]
[BlackElo "2043"]
[PlyCount "71"]
[EventDate "2022.10.04"]
[EventType "swiss (blitz)"]
[EventRounds "11"]
[EventCountry "USA"]
[SourceTitle "EXT 2023"]
[Source "ChessBase"]
[SourceDate "2022.10.05"]
[SourceVersion "1"]
[SourceVersionDate "2022.10.05"]
[SourceQuality "1"]

1. e4 d6 2. f4 Nf6 3. d3 g6 4. Nf3 Bg7 5. Be2 0-0 6. 0-0 c6 7. Qe1 Bg4 8. Qh4 Bxf3 9. Rxf3 h6 10. Rh3 Nh7 11. Nc3 e6 12. Qe1 f5 13. Bf3 Nd7 14. Bd2 Qe8 15. Qe2 d5 16. Re1 fxe4 17. dxe4 Qf7 18. f5 gxf5 19. exd5 exd5 20. Bxh6 Rae8 21. Bh5 Rxe2 22. Bxf7+ Kxf7 23. Rxe2 Bxh6 24. Rxh6 Nhf6 25. Rf2 Kg7 26. Rh3 Ne4 27. Nxe4 dxe4 28. Ra3 a6 29. g3 Kf6 30. g4 Kg5 31. Rxf5+ Rxf5 32. gxf5 Kxf5 33. Kf2 Ne5 34. h4 Kg4 35. Ra4 Kf4 36. h5 1-0

[Event "Titled Tuesday intern op 27th Sep Late"]
[Site "Chess.com INT"]
[Date "2022.09.27"]
[Round "9"]
[White "Brizzi, Milagros Tatiana"]
[Black "Hemam, Moulaye Brahim"]
[Result "0-1"]
[WhiteElo "2053"]
[BlackElo "2043"]
[PlyCount "68"]
[EventDate "2022.09.27"]
[EventType "swiss (blitz)"]
[EventRounds "11"]
[EventCountry "USA"]
[SourceTitle "CBM 210 Extra"]
[Source "ChessBase"]
[SourceDate "2022.11.30"]
[SourceVersion "1"]
[SourceVersionDate "2022.11.30"]
[SourceQuality "1"]

1. e4 d6 2. d4 Nf6 3. Nc3 g6 4. f4 Bg7 5. Nf3 0-0 6. Bd3 Na6 7. e5 Nd7 8. 0-0 c5 9. exd6 exd6 10. d5 Nb4 11. a3 Nxd3 12. Qxd3 Nf6 13. Ne2 Bf5 14. Qd1 b5 15. Ng3 Bd7 16. Rb1 Re8 17. b3 Ne4 18. Ne2 Qb6 19. Be3 Nc3 20. Nxc3 Rxe3 21. Ne2 c4 22. Kh1 Rae8 23. Ng3 cxb3 24. cxb3 Bg4 25. h3 Bxf3 26. Rxf3 Re1+ 27. Rf1 Rxd1 28. Rfxd1 Qf2 29. Rd3 Re3 30. Rxe3 Qxe3 31. Nf1 Qxf4 32. Re1 Be5 33. g3 Qf3+ 34. Kg1 Bd4+ 0-1

[Event "Titled Tuesday intern op 27th Sep Late"]
[Site "Chess.com INT"]
[Date "2022.09.27"]
[Round "3"]
[White "Hemam, Moulaye Brahim"]
[Black "Gunduz, Umut Erdem"]
[Result "0-1"]
[WhiteElo "2043"]
[BlackElo "2341"]
[PlyCount "104"]
[EventDate "2022.09.27"]
[EventType "swiss (blitz)"]
[EventRounds "11"]
[EventCountry "USA"]
[SourceTitle "CBM 210 Extra"]
[Source "ChessBase"]
[SourceDate "2022.11.30"]
[SourceVersion "1"]
[SourceVersionDate "2022.11.30"]
[SourceQuality "1"]

1. e4 e5 2. Nf3 d6 3. Bc4 Be7 4. d3 Nf6 5. c3 0-0 6. 0-0 c6 7. Bb3 a5 8. Nbd2 Nbd7 9. Re1 Nc5 10. Bc2 h6 11. Nf1 Bg4 12. Ng3 Nh5 13. h3 Bxf3 14. Qxf3 Nxg3 15. Qxg3 Bg5 16. Bxg5 Qxg5 17. Qxg5 hxg5 18. g3 g6 19. Kg2 Kg7 20. Rh1 a4 21. Rh2 Ra6 22. Rah1 Rb6 23. b4 axb3 24. axb3 Ra8 25. b4 Ne6 26. h4 gxh4 27. Rxh4 Ra3 28. Rh7+ Kf6 29. Bd1 Rxc3 30. Bg4 Ng5 31. Rh8 Rxb4 32. Rc8 Rxd3 33. Rc7 Rxe4 34. Bc8 Re2 35. Bxb7 Rdd2 36. Rf1 c5 37. Bc6 Ne6 38. Rd7 Nd4 39. Bf3 Nxf3 40. Kxf3 e4+ 41. Kg2 e3 42. Kh1 Rxf2 43. Rxf2+ exf2 44. Kg2 c4 45. Rc7 d5 46. Kf1 Ke5 47. g4 Kd4 48. Rxf7 c3 49. Rc7 c2 50. g5 Rd1+ 51. Kxf2 c1Q 52. Rxc1 Rxc1 0-1

[Event "Titled Tuesday intern op 20th Sep Late"]
[Site "Chess.com INT"]
[Date "2022.09.20"]
[Round "5"]
[White "Hemam, Moulaye Brahim"]
[Black "Hoffmann, Asa"]
[Result "0-1"]
[WhiteElo "2043"]
[BlackElo "2185"]
[PlyCount "106"]
[EventDate "2022.09.20"]
[EventType "swiss (blitz)"]
[EventRounds "11"]
[EventCountry "USA"]
[SourceTitle "EXT 2023"]
[Source "ChessBase"]
[SourceDate "2022.10.05"]
[SourceVersion "1"]
[SourceVersionDate "2022.10.05"]
[SourceQuality "1"]

1. e4 d6 2. d4 Nf6 3. Nc3 c6 4. a4 Qa5 5. Bd3 e5 6. dxe5 dxe5 7. Nge2 Be6 8. 0-0 Nbd7 9. h3 Be7 10. Bd2 Qc7 11. Be3 Bc5 12. Qd2 Bxe3 13. Qxe3 Qb6 14. Qg5 0-0 15. b3 h6 16. Qh4 Rad8 17. Ng3 Nc5 18. a5 Qb4 19. Nce2 Nxd3 20. cxd3 Rxd3 21. Rfe1 Rxb3 22. a6 b6 23. Kh2 Qe7 24. Kg1 Nd5 25. Qh5 Nf4 26. Qxe5 Nxe2+ 27. Rxe2 Re8 28. Rae1 Bc4 29. Qxe7 Rxe7 30. Nf5 Re6 31. Re3 Rxe3 32. Rxe3 Bxa6 33. Ra3 Bc4 34. Rxa7 Rxe4 35. Nd6 Re1+ 36. Kh2 Bd5 37. Rd7 b5 38. Nxb5 cxb5 39. Rxd5 Rb1 40. f4 g6 41. g4 b4 42. Rb5 b3 43. h4 b2 44. g5 h5 45. Rb7 Kf8 46. Rb4 Ke7 47. Rb6 Kd7 48. Kg2 Kc7 49. Rb3 Kd6 50. Rb7 Kd5 51. Kh2 Ke4 52. Rb4+ Kf5 53. Kg2 Kg4 0-1

[Event "Titled Tuesday intern op 20th Sep Late"]
[Site "Chess.com INT"]
[Date "2022.09.20"]
[Round "3"]
[White "Hemam, Moulaye Brahim"]
[Black "Shandrygin, Nikita"]
[Result "0-1"]
[WhiteElo "2043"]
[BlackElo "2209"]
[PlyCount "114"]
[EventDate "2022.09.20"]
[EventType "swiss (blitz)"]
[EventRounds "11"]
[EventCountry "USA"]
[SourceTitle "EXT 2023"]
[Source "ChessBase"]
[SourceDate "2022.10.05"]
[SourceVersion "1"]
[SourceVersionDate "2022.10.05"]
[SourceQuality "1"]

1. e4 c5 2. Nf3 e6 3. c4 Nc6 4. Nc3 g5 5. d3 h6 6. h3 Bg7 7. Be3 Nd4 8. Bxd4 cxd4 9. Ne2 Qb6 10. Qb3 Qa5+ 11. Kd1 Ne7 12. Nfxd4 Qc5 13. Nb5 a6 14. d4 Qb6 15. Nbc3 Bxd4 16. Nxd4 Qxd4+ 17. Ke1 Nc6 18. Rd1 Qe5 19. Qc2 b5 20. cxb5 axb5 21. Bxb5 Nd4 22. Qd3 Nxb5 23. Qxb5 Qxb5 24. Nxb5 Rxa2 25. Nd6+ Ke7 26. e5 Rxb2 27. Rd2 Rb3 28. f3 Ba6 29. Kf2 Rhb8 30. Rc1 Rb2 31. Rcc2 Rxc2 32. Rxc2 f6 33. Ra2 Bd3 34. Rd2 Rb3 35. Nc8+ Kf7 36. exf6 Kxf6 37. Nd6 Ke7 38. Ne4 Bxe4 39. fxe4 d6 40. Rc2 Kf6 41. Rc6 Ke5 42. Rc4 Rd3 43. Ra4 Rd4 44. Ra8 Rxe4 45. Rh8 Rf4+ 46. Kg3 Rf6 47. Kg4 d5 48. Kh5 d4 49. g4 d3 50. Rd8 Ke4 51. h4 gxh4 52. Kxh4 Ke3 53. g5 hxg5+ 54. Kxg5 Rf2 55. Rd6 e5 56. Kg4 e4 57. Kg3 Re2 0-1

[Event "Titled Tuesday intern op 20th Sep Late"]
[Site "Chess.com INT"]
[Date "2022.09.20"]
[Round "11"]
[White "Tyagi, Kushan"]
[Black "Hemam, Moulaye Brahim"]
[Result "1-0"]
[WhiteElo "2055"]
[BlackElo "2043"]
[PlyCount "51"]
[EventDate "2022.09.20"]
[EventType "swiss (blitz)"]
[EventRounds "11"]
[EventCountry "USA"]
[SourceTitle "EXT 2023"]
[Source "ChessBase"]
[SourceDate "2022.10.05"]
[SourceVersion "1"]
[SourceVersionDate "2022.10.05"]
[SourceQuality "1"]

1. d4 Nf6 2. c4 g6 3. Nc3 d5 4. cxd5 Nxd5 5. e4 Nxc3 6. bxc3 Bg7 7. Nf3 0-0 8. Be2 c5 9. Rb1 cxd4 10. cxd4 Qa5+ 11. Qd2 Qxd2+ 12. Bxd2 Nc6 13. d5 Nd4 14. Nxd4 Bxd4 15. Bb4 Bf6 16. f4 a5 17. Ba3 Bc3+ 18. Kf2 Bb4 19. Bb2 e6 20. Bc4 exd5 21. Bxd5 Be6 22. Rhd1 Bxd5 23. Rxd5 Rac8 24. a3 Rc2+ 25. Ke3 Bd2+ 26. Rxd2 1-0

[Event "African Online op"]
[Site "Tornelo INT"]
[Date "2021.02.03"]
[Round "4"]
[White "Mwashe, Philip"]
[Black "Hemam, Moulaye Brahim"]
[Result "0-1"]
[WhiteElo "1756"]
[BlackElo "2046"]
[PlyCount "54"]
[EventDate "2021.02.01"]
[EventType "swiss (rapid)"]
[EventRounds "9"]
[EventCountry "NET"]
[SourceTitle "CBM 200 Extra"]
[Source "ChessBase"]
[SourceDate "2021.03.31"]
[SourceVersion "1"]
[SourceVersionDate "2021.03.31"]
[SourceQuality "1"]

1. e4 d6 2. d4 Nf6 3. Bd3 e5 4. c3 d5 5. dxe5 dxe4 6. exf6 exd3 7. fxg7 Bxg7 8. Nf3 Be6 9. 0-0 0-0 10. h3 Re8 11. Bg5 Qd6 12. Nbd2 Nd7 13. Re1 c5 14. Bh4 Qb6 15. Ng5 Bf5 16. Qb3 Bg6 17. Qxb6 Nxb6 18. Nge4 Na4 19. Nf6+ Bxf6 20. Bxf6 Re2 21. Rxe2 dxe2 22. b3 Re8 23. Nf3 Nb2 24. Ne1 Re6 25. Bg5 Rd6 26. Rc1 Rd1 27. f3 Nd3 0-1